000 01034nam a2200241 a 4500
001 48352
003 BD-RjUL
005 20211209054516.0
008 160813s2003 ii ||||| b||| 001 0 ben d
020 _a8129500914
_c: Tk. 100.00
035 _a(BD-RjUL)48471
040 _aBD-RjUL
_bben
_cBD-RjUL
041 _aben
082 _223
_a891.4409
_bMAS 2003
100 _aমজুমদার, উজ্জ্বলকুমার
_9146354
245 1 0 _aসাহিত্য ও সমালোচনার রূপ-রীতি /
_cউজ্জ্বলকুমার মজুমদার
260 _aকলকাতা :
_bদে'জ পাবলিশিং,
_c২০০৩
300 _a২৫৬ পৃ. ;
_c১৯ সেমি
504 _aগ্রন্থপঞ্জি ও নির্ঘণ্ট সংযুক্ত
650 _aবাংলা সাহিত্য
_xইতিহাস ও সমালোচনা
_9146355
650 _aBenhali Literature
_xHistory and Criticism
_9146356
942 _2ddc
_cBK
999 _c48352
_d48352